[Event "RLP-ch Seniors 26th"]
[Site "Ludwigshafen"]
[Date "2007.07.19"]
[Round "5"]
[White "Bounianer, Vladimir"]
[Black "Villing, Dieter"]
[Result "1/2-1/2"]
[WhiteElo "2183"]
[BlackElo "2160"]
[PlyCount "49"]
[EventDate "2007.07.15"]
[EventType "swiss"]
[EventRounds "7"]
[EventCountry "GER"]
[SourceTitle "EXT 2009"]
[Source "ChessBase"]
[SourceDate "2008.11.26"]
[SourceVersion "1"]
[SourceVersionDate "2008.11.26"]
[SourceQuality "1"]

1. d4 d6 2. Nf3 Bg4 3. c4 Nd7 4. Nc3 Ngf6 5. e4 e5 6. Be2 Be7 7. Be3 0-0 8. 0-0 Re8 9. d5 Nf8 10. Ne1 Bd7 11. Nd3 Ng6 12. Rc1 Rf8 13. b4 a5 14. a3 axb4 15. axb4 Ra3 16. Bf3 Nh4 17. h3 h6 18. Re1 Nh7 19. Bg4 f5 20. exf5 Nxf5 21. Bxf5 Bxf5 22. Qd2 Qe8 23. f4 Qg6 24. Nf2 exf4 25. Bxf4 1/2-1/2

[Event "EU-ch Seniors 07th"]
[Site "Hockenheim"]
[Date "2007.06.03"]
[Round "2"]
[White "Bounianer, Vladimir"]
[Black "Gutman, Lev"]
[Result "1/2-1/2"]
[WhiteElo "2183"]
[BlackElo "2444"]
[PlyCount "69"]
[EventDate "2007.06.02"]
[EventType "swiss"]
[EventRounds "9"]
[EventCountry "GER"]
[SourceTitle "CBM 118 Extra"]
[Source "ChessBase"]
[SourceDate "2007.07.04"]
[SourceVersion "1"]
[SourceVersionDate "2007.07.04"]
[SourceQuality "1"]

1. d4 Nf6 2. c4 g6 3. Nc3 Bg7 4. e4 0-0 5. Nf3 c6 6. e5 Ne8 7. h4 d6 8. h5 dxe5 9. Nxe5 c5 10. Be3 Qa5 11. Qa4 Qxa4 12. Nxa4 cxd4 13. Bxd4 Nd6 14. hxg6 hxg6 15. 0-0-0 Nd7 16. Nxd7 Bxd7 17. Nc3 Be6 18. Nd5 Bxd5 19. Bxg7 Kxg7 20. Rxd5 Rfc8 21. Rh4 b5 22. c5 Nf5 23. Rb4 e6 24. Re5 a6 25. a4 bxa4 26. Rxa4 a5 27. Bd3 Kf6 28. f4 g5 29. Bxf5 gxf4 30. Bxe6 fxe6 31. Rh5 e5 32. Rc4 Rg8 33. Re4 Rae8 34. Re2 Re6 35. Kd2 1/2-1/2

[Event "Oberliga Baden 0304 "]
[Site "Germany"]
[Date "2004.01.18"]
[Round "5.3"]
[White "Bounianer, Vladimir"]
[Black "Kountz, Jochen"]
[Result "1/2-1/2"]
[WhiteElo "2173"]
[BlackElo "2303"]
[PlyCount "45"]
[EventDate "2003.10.12"]
[EventType "team-tourn"]
[EventRounds "9"]
[EventCountry "GER"]
[SourceTitle "EXT 2006"]
[Source "ChessBase"]
[SourceDate "2005.11.24"]
[SourceVersion "1"]
[SourceVersionDate "2005.11.24"]
[SourceQuality "1"]
[WhiteTeam "Viernheim II"]
[BlackTeam "Untergrombach"]
[WhiteTeamCountry "GER"]
[BlackTeamCountry "GER"]

1. d4 Nf6 2. Nf3 g6 3. c4 c5 4. Nc3 Bg7 5. e4 cxd4 6. Nxd4 Nc6 7. Be3 0-0 8. Be2 b6 9. 0-0 Bb7 10. f3 e6 11. Qd2 Qe7 12. Rfd1 Rfd8 13. Ndb5 Ne8 14. Bg5 Bf6 15. Bxf6 Qxf6 16. Nd6 Nxd6 17. Qxd6 Rac8 18. Rac1 Qe5 19. b3 Qxd6 20. Rxd6 Kf8 21. Rcd1 Ke7 22. f4 f6 23. Bg4 1/2-1/2

[Event "Untergrombach op"]
[Site "Untergrombach"]
[Date "2004.01.04"]
[Round "4.10"]
[White "Bounianer, Vladimir"]
[Black "Brueckel, Gerhard"]
[Result "1-0"]
[WhiteElo "2173"]
[BlackElo "1950"]
[PlyCount "67"]
[EventDate "2004.01.02"]
[EventType "swiss"]
[EventRounds "7"]
[EventCountry "GER"]
[SourceTitle "CBM 098 Extra"]
[Source "ChessBase"]
[SourceDate "2004.03.10"]
[SourceVersion "2"]
[SourceVersionDate "2004.03.10"]
[SourceQuality "1"]

1. e4 c5 2. Nf3 a6 3. c3 d6 4. d4 Qc7 5. Bf4 Bg4 6. Be2 e6 7. 0-0 Qb6 8. Nbd2 Bxf3 9. gxf3 Qd8 10. dxc5 dxc5 11. Nc4 Nc6 12. Nd6+ Bxd6 13. Qxd6 Qe7 14. Rfd1 Qxd6 15. Bxd6 b6 16. Bc7 b5 17. Bd6 c4 18. b3 cxb3 19. axb3 b4 20. cxb4 Nce7 21. Bxa6 Rd8 22. Bb5+ Kf8 23. Ra7 Rc8 24. Bd7 Rd8 25. Bc7 Nc6 26. Bxd8 Nxa7 27. Bb6 Nf6 28. Bxa7 Ke7 29. Bc5+ Kd8 30. Bxe6+ Kc7 31. Bxf7 Ra8 32. e5 Nd7 33. Bd6+ Kb6 34. e6 1-0

[Event "Berlin Kreuzberg op 4th"]
[Site "Berlin"]
[Date "2003.07.13"]
[Round "9"]
[White "Bounianer, Vladimir"]
[Black "Jenull, Marco S"]
[Result "0-1"]
[WhiteElo "2175"]
[BlackElo "2120"]
[PlyCount "96"]
[EventDate "2003.07.05"]
[EventType "swiss"]
[EventRounds "9"]
[EventCountry "GER"]
[SourceTitle "EXT 2022"]
[Source "ChessBase"]
[SourceDate "2021.10.06"]
[SourceVersion "1"]
[SourceVersionDate "2021.10.06"]
[SourceQuality "1"]

1. d4 d5 2. Nf3 Nf6 3. c4 c6 4. cxd5 cxd5 5. Nc3 Nc6 6. Bf4 Ne4 7. Nxe4 dxe4 8. Ne5 Nxe5 9. dxe5 Qb6 10. g3 Bf5 11. Bg2 Rd8 12. Qa4+ Bd7 13. Qc2 Rc8 14. Qxe4 Bc6 15. Qc2 Qa5+ 16. Bd2 Qxe5 17. 0-0 e6 18. Rac1 Qxe2 19. Qc3 Qg4 20. b4 Be7 21. h3 Qg6 22. b5 Bd7 23. Qxc8+ Bxc8 24. Rxc8+ Bd8 25. Ba5 Ke7 26. Bb4+ Kf6 27. Bc3+ Ke7 28. Bxb7 Qd3 29. a4 Qd7 30. Bb4+ Kf6 31. Ba6 Ba5 32. Rxh8 Bxb4 33. Rxh7 Ba5 34. Rh4 Bb6 35. Rf4+ Ke7 36. Rc4 f5 37. Bc8 Qd3 38. Rc6 Qxg3+ 39. Kh1 Qxh3+ 40. Kg1 Qg3+ 41. Kh1 Qh3+ 42. Kg1 g5 43. Rxe6+ Kf7 44. Rxb6 axb6 45. a5 Qg4+ 46. Kh2 Qc4 47. Ra1 Qxc8 48. a6 Qh8+ 0-1

[Event "Berlin Kreuzberg op 4th"]
[Site "Berlin"]
[Date "2003.07.12"]
[Round "8"]
[White "Von Loehneysen, Leonard"]
[Black "Bounianer, Vladimir"]
[Result "0-1"]
[WhiteElo "2037"]
[BlackElo "2175"]
[PlyCount "62"]
[EventDate "2003.07.05"]
[EventType "swiss"]
[EventRounds "9"]
[EventCountry "GER"]
[SourceTitle "EXT 2022"]
[Source "ChessBase"]
[SourceDate "2021.10.06"]
[SourceVersion "1"]
[SourceVersionDate "2021.10.06"]
[SourceQuality "1"]

1. c4 Nf6 2. Nc3 e6 3. e4 d5 4. e5 d4 5. exf6 dxc3 6. bxc3 Qxf6 7. d4 c5 8. Nf3 h6 9. Bd3 cxd4 10. cxd4 Bb4+ 11. Bd2 Bxd2+ 12. Qxd2 Nc6 13. Be4 0-0 14. 0-0 Bd7 15. d5 exd5 16. cxd5 Ne5 17. Nxe5 Qxe5 18. Bf3 Qd6 19. Qb2 b5 20. Rab1 a5 21. a3 Rfb8 22. Rfd1 b4 23. axb4 axb4 24. Ra1 Ra3 25. Be2 Rxa1 26. Qxa1 b3 27. Qb2 Bf5 28. Rd4 Qe5 29. Rd2 Qxb2 30. Rxb2 Bc2 31. Bc4 Rb4 0-1

[Event "Berlin Kreuzberg op 4th"]
[Site "Berlin"]
[Date "2003.07.09"]
[Round "5"]
[White "Bounianer, Vladimir"]
[Black "Gruzmann, Boris"]
[Result "0-1"]
[WhiteElo "2175"]
[BlackElo "2316"]
[PlyCount "87"]
[EventDate "2003.07.05"]
[EventType "swiss"]
[EventRounds "9"]
[EventCountry "GER"]
[SourceTitle "EXT 2022"]
[Source "ChessBase"]
[SourceDate "2021.10.06"]
[SourceVersion "1"]
[SourceVersionDate "2021.10.06"]
[SourceQuality "1"]

1. d4 Nf6 2. Nf3 g6 3. c4 Bg7 4. Nc3 0-0 5. g3 c6 6. Bg2 d6 7. 0-0 Qa5 8. Bd2 Qh5 9. Re1 e5 10. e4 Bg4 11. dxe5 dxe5 12. h3 Bxh3 13. Bxh3 Qxh3 14. Nxe5 Rd8 15. Qe2 Nbd7 16. Nf3 h6 17. Rad1 Ng4 18. Bf4 Nc5 19. Bd6 Ne6 20. Qf1 Qh5 21. e5 Ng5 22. Nh4 Re8 23. f4 Nh7 24. Nf3 f6 25. e6 f5 26. Kg2 g5 27. Qd3 Qg6 28. fxg5 Rxe6 29. Nh4 Qe8 30. Rxe6 Qxe6 31. g6 Nf8 32. Bc5 Bxc3 33. bxc3 b6 34. Bg1 Nxg6 35. Nxf5 N6e5 36. Qe4 Re8 37. Rd6 Qxc4 38. Qxc4+ Nxc4 39. Rxc6 Nce5 40. Rc7 Nf7 41. Rxa7 Re5 42. Nd4 Ne3+ 43. Kf3 Ng5+ 44. Kf4 0-1

[Event "Untergrombach op 20th"]
[Site "Untergrombach"]
[Date "2003.01.05"]
[Round "6.17"]
[White "Zeier, Klaus"]
[Black "Bounianer, Vladimir"]
[Result "1-0"]
[WhiteElo "2031"]
[BlackElo "2189"]
[PlyCount "129"]
[EventDate "2003.01.02"]
[EventType "swiss"]
[EventRounds "7"]
[EventCountry "GER"]
[SourceTitle "CBM 092 Extra"]
[Source "ChessBase"]
[SourceDate "2003.03.07"]
[SourceVersion "1"]
[SourceVersionDate "2003.03.07"]
[SourceQuality "1"]

1. e4 e5 2. Nf3 Nf6 3. Nxe5 d6 4. Nf3 Nxe4 5. d4 d5 6. Bd3 Nc6 7. 0-0 Bg4 8. c3 Be7 9. Re1 f5 10. Nbd2 0-0 11. Nf1 Ng5 12. Bxg5 Bxg5 13. Ne3 Bxe3 14. Rxe3 f4 15. Re1 Qf6 16. h3 Bh5 17. Be2 Bg6 18. Nh2 Rae8 19. Qb3 Qd6 20. Bf3 Bf7 21. Ng4 b6 22. Qb5 h5 23. Nh2 Nb8 24. Qa4 a5 25. Rxe8 Rxe8 26. Qd1 Nd7 27. Bxh5 Bxh5 28. Qxh5 Nf6 29. Qd1 Qe6 30. Kf1 g5 31. Ng4 Nxg4 32. Qxg4 Qxg4 33. hxg4 Kf7 34. Re1 Rd8 35. Re5 Kf6 36. Ke2 c6 37. Kf3 b5 38. g3 fxg3 39. Kxg3 b4 40. f4 gxf4+ 41. Kxf4 bxc3 42. bxc3 Rb8 43. g5+ Kf7 44. Kf5 Rb2 45. g6+ Kf8 46. a4 Rf2+ 47. Ke6 Rg2 48. Kd7 Rxg6 49. Re8+ Kf7 50. Re7+ Kf8 51. Re6 Rg7+ 52. Kxc6 Rg3 53. Kb5 Rxc3 54. Rd6 Ke7 55. Rxd5 Rb3+ 56. Kxa5 Ke6 57. Rb5 Rd3 58. d5+ Kd6 59. Ka6 Rh3 60. a5 Rh7 61. Kb6 Rh8 62. Ka7 Rh7+ 63. Kb6 Rh8 64. a6 Rb8+ 65. Ka5 1-0

[Event "Untergrombach op 20th"]
[Site "Untergrombach"]
[Date "2003.01.04"]
[Round "4.6"]
[White "Bounianer, Vladimir"]
[Black "Dausch, Rene"]
[Result "0-1"]
[WhiteElo "2189"]
[BlackElo "2368"]
[PlyCount "32"]
[EventDate "2003.01.02"]
[EventType "swiss"]
[EventRounds "7"]
[EventCountry "GER"]
[SourceTitle "CBM 092 Extra"]
[Source "ChessBase"]
[SourceDate "2003.03.07"]
[SourceVersion "1"]
[SourceVersionDate "2003.03.07"]
[SourceQuality "1"]

1. d4 Nf6 2. Nf3 g6 3. c4 Bg7 4. Nc3 d5 5. Qb3 dxc4 6. Qxc4 0-0 7. e4 a6 8. Bf4 b5 9. Qxc7 Qxc7 10. Bxc7 Bb7 11. e5 Nd5 12. Bxb8 Raxb8 13. Be2 Rfd8 14. 0-0 Nf4 15. Rfd1 b4 16. g3 Nxe2+ 0-1

[Event "Kurpfalz Seniors op 08th"]
[Site "Ludwigshafen"]
[Date "2002.09.14"]
[Round "7"]
[White "Buzov, Boris"]
[Black "Bounianer, Vladimir"]
[Result "0-1"]
[WhiteElo "2066"]
[BlackElo "2114"]
[PlyCount "25"]
[EventDate "2002.09.08"]
[EventType "swiss"]
[EventRounds "7"]
[EventCountry "GER"]
[SourceTitle "EXT 2007"]
[Source "ChessBase"]
[SourceDate "2006.11.23"]
[SourceVersion "1"]
[SourceVersionDate "2006.11.23"]
[SourceQuality "1"]

1. e4 e5 2. Nf3 Nf6 3. Nxe5 d6 4. Nf3 Nxe4 5. Qe2 Qe7 6. d3 Nf6 7. Nc3 Qxe2+ 8. Bxe2 Be7 9. Bg5 Bd7 10. Ne4 Nxe4 11. dxe4 Nc6 12. Bxe7 Kxe7 13. 0-0-0 0-1

[Event "Kurpfalz Seniors op 08th"]
[Site "Ludwigshafen"]
[Date "2002.09.12"]
[Round "5"]
[White "Bounianer, Vladimir"]
[Black "Klein, Klaus"]
[Result "1-0"]
[WhiteElo "2114"]
[BlackElo "2212"]
[PlyCount "87"]
[EventDate "2002.09.08"]
[EventType "swiss"]
[EventRounds "7"]
[EventCountry "GER"]
[SourceTitle "EXT 2007"]
[Source "ChessBase"]
[SourceDate "2006.11.23"]
[SourceVersion "1"]
[SourceVersionDate "2006.11.23"]
[SourceQuality "1"]

1. e4 e5 2. Nf3 Nf6 3. Nxe5 d6 4. Nf3 Nxe4 5. Nc3 Nxc3 6. dxc3 Be7 7. Bf4 0-0 8. Qd2 Nc6 9. 0-0-0 Be6 10. Kb1 Qd7 11. Nd4 Nxd4 12. Qxd4 Bf6 13. Qd2 Qa4 14. a3 Bxc3 15. bxc3 Qxa3 16. c4 b5 17. Qd3 Qb4+ 18. Qb3 Qc5 19. Qe3 Qb4+ 20. Qb3 Qa5 21. Bd2 Qb6 22. Be3 Qb7 23. Qxb5 Qc8 24. Kc1 Rb8 25. Qc6 Bd7 26. Qd5 Qa6 27. Bd3 Be6 28. Qe4 g6 29. Kd2 Bf5 30. Qd4 c5 31. Qc3 Be6 32. Bh6 f6 33. Bxf8 Rxf8 34. Rhe1 Kf7 35. Ra1 Qb7 36. Be4 d5 37. cxd5 Bxd5 38. Qc4 Rd8 39. Bxd5+ Rxd5+ 40. Ke2 Kg7 41. Kf1 Rf5 42. Qe4 Qb5+ 43. c4 Qb2 44. Rxa7+ 1-0

[Event "GER-chT Seniors 11th"]
[Site "Bad Segeberg"]
[Date "2002.08.08"]
[Round "3.2"]
[White "Bounianer, Vladimir"]
[Black "Degenhardt, Norbert"]
[Result "1-0"]
[WhiteElo "2104"]
[BlackElo "2007"]
[PlyCount "103"]
[EventDate "2002.08.06"]
[EventType "team"]
[EventRounds "7"]
[EventCountry "GER"]
[SourceTitle "EXT 2003"]
[Source "ChessBase"]
[SourceDate "2002.11.25"]
[SourceVersion "1"]
[SourceVersionDate "2002.11.25"]
[SourceQuality "1"]
[WhiteTeam "Baden II"]
[BlackTeam "Rheinland Pfalz"]
[WhiteTeamCountry "GER"]
[BlackTeamCountry "GER"]

1. Nf3 Nf6 2. c4 e6 3. d4 d5 4. Nc3 dxc4 5. Qa4+ Nbd7 6. g3 Be7 7. Bg2 0-0 8. Qxc4 Nb6 9. Qd3 c5 10. 0-0 cxd4 11. Nxd4 Nbd5 12. Bg5 h6 13. Nxd5 Nxd5 14. Bxe7 Qxe7 15. Bxd5 exd5 16. Rac1 Bh3 17. Rfe1 a6 18. Nf5 Qe5 19. Ne3 Rfd8 20. b4 Rd7 21. Red1 Rad8 22. Qd4 Qxd4 23. Rxd4 Be6 24. f4 g6 25. g4 f5 26. h3 Kf7 27. Kf2 Rd6 28. a4 Kf6 29. a5 R6d7 30. Kf3 Bf7 31. b5 Rd6 32. b6 Be8 33. Rc7 Bc6 34. Nc2 R8d7 35. Nb4 Ke6 36. Nd3 Rxc7 37. Nc5+ Ke7 38. bxc7 Bd7 39. Na4 Bc8 40. Nb6 Rxb6 41. axb6 Kd6 42. g5 h5 43. Rd1 Kc5 44. Rb1 d4 45. e4 fxe4+ 46. Kxe4 a5 47. h4 a4 48. Rc1+ Kxb6 49. Kxd4 a3 50. f5 a2 51. f6 Be6 52. Ke5 1-0

[Event "Kurpfalz Seniors op 07th"]
[Site "Ludwigshafen"]
[Date "2001.10.04"]
[Round "5"]
[White "Kleinwaechter, Matthias"]
[Black "Bounianer, Vladimir"]
[Result "1/2-1/2"]
[WhiteElo "1953"]
[BlackElo "2148"]
[PlyCount "81"]
[EventDate "2001.09.30"]
[EventType "swiss"]
[EventRounds "7"]
[EventCountry "GER"]
[SourceTitle "EXT 2007"]
[Source "ChessBase"]
[SourceDate "2006.11.23"]
[SourceVersion "1"]
[SourceVersionDate "2006.11.23"]
[SourceQuality "1"]

1. e4 e5 2. Nf3 Nf6 3. Nxe5 d6 4. Nf3 Nxe4 5. Qe2 Qe7 6. d3 Nf6 7. Bg5 Qxe2+ 8. Bxe2 Be7 9. 0-0 h6 10. Bd2 Nc6 11. Nc3 Bg4 12. Nb5 0-0-0 13. Rfe1 Rhe8 14. Nfd4 Nxd4 15. Nxd4 Bd7 16. Nf3 c5 17. b4 Nd5 18. bxc5 dxc5 19. Rab1 Bf6 20. Bf1 Nc3 21. Rb3 Rxe1 22. Nxe1 Nb5 23. g3 Nd4 24. Rb1 Bc6 25. Bh3+ Kb8 26. Bg4 b6 27. Kf1 Kb7 28. Bd1 Bg5 29. Be3 Re8 30. c3 Nb5 31. Rb3 Bxe3 32. fxe3 Rxe3 33. Kf2 Re6 34. a4 Nd6 35. Rb2 c4 36. a5 cxd3 37. Nxd3 Rf6+ 38. Kg1 Bb5 39. Nf4 g5 40. Ne2 Nc4 41. Rb4 1/2-1/2